<?xml version="1.0" encoding="UTF-8"?><?xml-stylesheet type="text/xsl" href="static/style.xsl"?><OAI-PMH xmlns="http://www.openarchives.org/OAI/2.0/" xmlns:xsi="http://www.w3.org/2001/XMLSchema-instance" xsi:schemaLocation="http://www.openarchives.org/OAI/2.0/ http://www.openarchives.org/OAI/2.0/OAI-PMH.xsd"><responseDate>2026-04-17T15:06:56Z</responseDate><request verb="GetRecord" identifier="oai:riubu.ubu.es:10259/4667" metadataPrefix="marc">https://riubu.ubu.es/oai/request</request><GetRecord><record><header><identifier>oai:riubu.ubu.es:10259/4667</identifier><datestamp>2022-04-29T12:02:47Z</datestamp><setSpec>com_10259_4665</setSpec><setSpec>com_10259_5086</setSpec><setSpec>com_10259_2604</setSpec><setSpec>col_10259_4666</setSpec></header><metadata><record xmlns="http://www.loc.gov/MARC21/slim" xmlns:doc="http://www.lyncode.com/xoai" xmlns:xsi="http://www.w3.org/2001/XMLSchema-instance" xmlns:dcterms="http://purl.org/dc/terms/" xsi:schemaLocation="http://www.loc.gov/MARC21/slim http://www.loc.gov/standards/marcxml/schema/MARC21slim.xsd">
<leader>00925njm 22002777a 4500</leader>
<datafield tag="042" ind1=" " ind2=" ">
<subfield code="a">dc</subfield>
</datafield>
<datafield tag="720" ind1=" " ind2=" ">
<subfield code="a">Jimeno Bulnes, Mar</subfield>
<subfield code="e">author</subfield>
</datafield>
<datafield tag="720" ind1=" " ind2=" ">
<subfield code="a">Hans, Valerie P.</subfield>
<subfield code="e">author</subfield>
</datafield>
<datafield tag="260" ind1=" " ind2=" ">
<subfield code="c">2016</subfield>
</datafield>
<datafield tag="520" ind1=" " ind2=" ">
<subfield code="a">The Clerk of the Court (secretario judicial) in Spanish provincial courts is an important legal actor in the proceedings of the modern Spanish jury, introduced in 1995. In contrast to the general verdicts of traditional common-law juries, Spanish juries must answer an often lengthy list of specific questions, and must provide the reasoning supporting these responses. Early on, many Spanish juries found the task of providing legally acceptable responses and reasons challenging. Because the law permits the clerk to enter the deliberation room to assist the jury in its writing of the verdict, the clerk has come to act as a principal intermediary between the formal demands of the law and lay citizens serving on the jury. The purpose of the present study is to analyze the role of the Clerk of the Court in Spanish jury proceedings, including the jury selection phase and the verdict writing process. Drawing on interviews with Clerks of the Court, we find that clerks’ views of appropriate intervention and clerks’ practices differ significantly across jurisdictions.</subfield>
</datafield>
<datafield tag="024" ind2=" " ind1="8">
<subfield code="a">2079-5971</subfield>
</datafield>
<datafield tag="024" ind2=" " ind1="8">
<subfield code="a">http://hdl.handle.net/10259/4667</subfield>
</datafield>
<datafield ind1=" " ind2=" " tag="653">
<subfield code="a">Jury</subfield>
</datafield>
<datafield ind1=" " ind2=" " tag="653">
<subfield code="a">Spanish jury</subfield>
</datafield>
<datafield ind1=" " ind2=" " tag="653">
<subfield code="a">Reasoned verdicts</subfield>
</datafield>
<datafield ind1=" " ind2=" " tag="653">
<subfield code="a">Clerk</subfield>
</datafield>
<datafield ind1=" " ind2=" " tag="653">
<subfield code="a">Spain</subfield>
</datafield>
<datafield ind1=" " ind2=" " tag="653">
<subfield code="a">Lay participation</subfield>
</datafield>
<datafield ind1=" " ind2=" " tag="653">
<subfield code="a">Comparative legal systems</subfield>
</datafield>
<datafield tag="245" ind1="0" ind2="0">
<subfield code="a">Legal Interpreter for the Jury: the role of the Clerk of the Court in Spain</subfield>
</datafield>
</record></metadata></record></GetRecord></OAI-PMH>